Lịch sử thế giới cận đại

Kaydedildi:
Detaylı Bibliyografya
Yazar: Vũ Dương Ninh
Materyal Türü: Kitap
Dil:Undetermined
Baskı/Yayın Bilgisi: Hà Nội Giáo Dục 1999
Konular:
Etiketler: Etiketle
Etiket eklenmemiş, İlk siz ekleyin!
Thư viện lưu trữ: Trung tâm Học liệu Trường Đại học Cần Thơ
LEADER 00554nam a2200181Ia 4500
001 CTU_36483
008 210402s9999 xx 000 0 und d
082 |a 909.08 
082 |b N312/1999 
100 |a Vũ Dương Ninh 
245 0 |a Lịch sử thế giới cận đại 
245 0 |c Vũ Dương Ninh, Nguyễn Văn Hồng 
260 |a Hà Nội 
260 |b Giáo Dục 
260 |c 1999 
650 |a History, Modern,world history 
650 |x Study and teaching 
980 |a Trung tâm Học liệu Trường Đại học Cần Thơ